Estatísticas para Cultura Geral

Clique aqui para jogar o quiz

Estatísticas Gerais

  • Esse quiz foi jogado 8 vezes
  • A pontuação média é 6 de 15

Estatísticas das Respostas

HintResposta% Correto
Que nome damos a uma pessoa que pilota aeronaves?Piloto
100%
Que nome damos a um aeródromo público dotado de instalações e facilidades para apoio de operações de aeronaves, embarque e desembarque de pessoas e/ou coisas?Aeroporto
88%
Que nome damos a um socorrista treinado para o combate a incêndios e resgates?Bombeiro
88%
Que nome damos a um navio de guerra cujo papel principal é servir de base aérea móvel?Porta-aviões
63%
Que nome damos ao primeiro passo a ser efetuado pelo passageiro de transporte aéreo ao chegar no aeroporto para o embarque?Check-in
50%
Que nome damos á arte de compor trilhas ou roteiro de movimentos que compõem uma dança?Coreografia
50%
Que nome damos á autoridade governamental responsável pelo controle do movimento de importação e exportação de mercadorias em um país?Alfândega
38%
Que nome damos a uma arma de cerco utilizada para lançar objetos por uma longa distância?Catapulta
38%
Que nome damos á fase inicial do voo de um avião em que o veículo adquire a velocidade necessária para obter a sustentação para alçar voo?Descolagem
25%
Que nome damos a um avião capaz de realizar pouso e decolagem em terra ou água?Hidroavião
25%
Que nome damos a qualquer superfície, terrestre ou aquática, que possua infraestrutura destinada à aterragem (inclusive amaragem), à decolagem e à movimentação de aeronaves?Aeródromo
13%
Que nome damos a uma substância ou conjunto de substâncias que podem sofrer o processo de explosão, liberando grandes quantidades de gases e calor em curto espaço de tempo?Explosivo
13%
Que nome damos ao tipo de sistema sobre trilhos para transporte de passageiros em áreas urbanas?Metropolitano
13%
Que nome damos á realização de feitos humanos de equilíbrio, agilidade e coordenação motora?Acrobacias
0%
Que nome damos a um aeródromo especialmente concebido para a operação de hidroaviões ou aviões anfíbios?Hidrobase
0%

Distribuição das Pontuações

Percentil de Números Respondidos

Porcentagem de Pessoas com Cada Pontuação

Sua Pontuação Histórica

Você não jogou esse quiz